| 000 | 00888pam a2200253 i 4500 | ||
|---|---|---|---|
| 999 |
_c234984 _d234984 |
||
| 001 | 2248387 | ||
| 003 | Nust | ||
| 005 | 20170404112456.0 | ||
| 008 | 770726s1977 nyua b 001 0 eng | ||
| 010 | _a 77021601 | ||
| 020 | _a0442232829 | ||
| 040 |
_aDLC _cDLC _dDLC |
||
| 043 | _an-us--- | ||
| 050 | 0 | 0 | _b.H29 1977 |
| 082 | 0 | 0 | _a333.9100973 HAN |
| 245 | 0 | 0 |
_aHandbook of water quality management planning / _cEdited by Joseph L. Pavoni. |
| 260 |
_aNew York : _bVan Nostrand Reinhold, _cc1977. |
||
| 300 |
_axviii, 419 p. : _bill. ; _c24 cm. |
||
| 490 | 0 | _aVan Nostrand Reinhold environmental engineering series | |
| 500 | _aH.B | ||
| 504 | _aIncludes bibliographical references and index. | ||
| 650 | 0 |
_aWater quality management _zUnited States. |
|
| 700 | 1 | _aPavoni, Joseph L. | |
| 906 |
_a7 _bcbc _corignew _d1 _eocip _f19 _gy-gencatlg |
||
| 942 |
_2ddc _cBK _k333.9100973 HAN |
||